Top XIs: Ajax Amsterdam (1967-2023) - Statistics

General Stats
  • This quiz has been taken 710 times
  • The average score is 162 of 500
Answer Stats
Hint Position Answer % Correct
1977/1978 MF Johan Cruyff
89%
2017/2018 DF Matthijs de Ligt
85%
2018/2019 DF Matthijs de Ligt
85%
1986/1987 DF Danny Blind
84%
1987/1988 DF Danny Blind
84%
1988/1989 DF Danny Blind
84%
1989/1990 DF Danny Blind
84%
1990/1991 DF Danny Blind
84%
1991/1992 DF Danny Blind
84%
1992/1993 DF Danny Blind
84%
1993/1994 DF Danny Blind
84%
1994/1995 DF Danny Blind
84%
1995/1996 DF Danny Blind
84%
1997/1998 DF Danny Blind
84%
2018/2019 ST Dušan Tadić
84%
2019/2020 ST Dušan Tadić
84%
2020/2021 ST Dušan Tadić
84%
2021/2022 ST Dušan Tadić
84%
2022/2023 ST Dušan Tadić
84%
2022/23 UCL ST Dušan Tadić
84%
1983/1984 ST Marco van Basten
77%
1984/1985 ST Marco van Basten
77%
1985/1986 ST Marco van Basten
77%
1986/1987 ST Marco van Basten
77%
2018/2019 MF Frenkie de Jong
75%
1995/1996 ST Patrick Kluivert
74%
1996/1997 ST Patrick Kluivert
74%
2017/2018 MF Donny van de Beek
69%
2018/2019 MF Donny van de Beek
69%
2019/2020 MF Donny van de Beek
69%
1982/1983 DF Frank Rijkaard
68%
1984/1985 MF Frank Rijkaard
68%
1985/1986 MF Frank Rijkaard
68%
1986/1987 DF Frank Rijkaard
68%
1993/1994 DF Frank Rijkaard
68%
1994/1995 DF Frank Rijkaard
68%
2002/2003 ST Zlatan Ibrahimović
68%
2003/2004 ST Zlatan Ibrahimović
68%
2016/17 EL F MF Hakim Ziyech
66%
2017/2018 MF Hakim Ziyech
66%
2018/2019 MF Hakim Ziyech
66%
2019/2020 MF Hakim Ziyech
66%
1994/1995 MF Clarence Seedorf
64%
2017/2018 ST David Neres
63%
2018/2019 ST David Neres
63%
2007/2008 ST Luis Suárez
63%
2008/2009 ST Luis Suárez
63%
2009/2010 ST Luis Suárez
63%
2020/2021 ST Antony
62%
2021/2022 ST Antony
62%
1992/1993 MF Edgar Davids
62%
1994/1995 MF Edgar Davids
62%
1995/1996 MF Edgar Davids
62%
1993/1994 ST Jari Litmanen
62%
1994/1995 ST Jari Litmanen
62%
1995/1996 ST Jari Litmanen
62%
1997/1998 ST Jari Litmanen
62%
1998/1999 ST Jari Litmanen
62%
2003/2004 MF Wesley Sneijder
62%
2004/2005 MF Wesley Sneijder
62%
2004/05 UCL MF Wesley Sneijder
62%
2006/2007 MF Wesley Sneijder
62%
1983/1984 DF Ronald Koeman
61%
1984/1985 DF Ronald Koeman
61%
1985/1986 DF Ronald Koeman
61%
1987/1988 ST Dennis Bergkamp
60%
1988/1989 ST Dennis Bergkamp
60%
1989/1990 ST Dennis Bergkamp
60%
1990/1991 ST Dennis Bergkamp
60%
1991/1992 ST Dennis Bergkamp
60%
1992/1993 ST Dennis Bergkamp
60%
2005/2006 ST Klaas-Jan Huntelaar
60%
2006/2007 ST Klaas-Jan Huntelaar
60%
2007/2008 ST Klaas-Jan Huntelaar
60%
2008/2009 ST Klaas-Jan Huntelaar
60%
2019/2020 MF Lisandro Martínez
60%
2020/2021 DF Lisandro Martínez
60%
2021/2022 DF Lisandro Martínez
60%
2017/2018 DF Nicolás Tagliafico
60%
2018/2019 DF Nicolás Tagliafico
60%
2019/2020 DF Nicolás Tagliafico
60%
2020/2021 DF Nicolás Tagliafico
60%
2000/2001 MF Rafa van der Vaart
59%
2001/2002 MF Rafa van der Vaart
59%
2003/2004 MF Rafa van der Vaart
59%
2004/2005 MF Rafa van der Vaart
59%
2004/05 UCL MF Rafa van der Vaart
59%
2013/2014 MF Davy Klaassen
56%
2014/2015 MF Davy Klaassen
56%
2015/2016 MF Davy Klaassen
56%
2016/17 UCL MF Davy Klaassen
56%
2016/17 EL F MF Davy Klaassen
56%
2020/2021 MF Davy Klaassen
56%
1992/1993 ST Marc Overmars
56%
1993/1994 ST Marc Overmars
56%
1994/1995 ST Marc Overmars
56%
1996/1997 ST Marc Overmars
56%
2012/2013 MF Lasse Schöne
55%
2013/2014 MF Lasse Schöne
55%
2014/2015 MF Lasse Schöne
55%
2016/17 EL F MF Lasse Schöne
55%
2017/2018 MF Lasse Schöne
55%
2018/2019 MF Lasse Schöne
55%
2018/2019 DF Noussair Mazraoui
55%
2020/2021 DF Noussair Mazraoui
55%
2021/2022 DF Noussair Mazraoui
55%
2021/2022 MF Steven Berghuis
55%
2022/2023 MF Steven Berghuis
55%
2022/23 UCL MF Steven Berghuis
55%
2022/2023 ST Steven Bergwijn
55%
2022/23 UCL ST Steven Bergwijn
55%
2021/2022 DF Jurrien Timber
53%
2022/2023 DF Jurrien Timber
53%
2022/23 UCL DF Jurrien Timber
53%
2011/2012 DF Daley Blind
52%
2012/2013 DF Daley Blind
52%
2013/2014 DF Daley Blind
52%
2018/2019 DF Daley Blind
52%
2019/2020 DF Daley Blind
52%
2021/2022 DF Daley Blind
52%
2022/2023 DF Daley Blind
52%
2022/23 UCL DF Daley Blind
52%
2003/2004 MF Nigel de Jong
52%
2004/2005 MF Nigel de Jong
52%
2004/05 UCL MF Nigel de Jong
52%
2005/06 UCL MF Nigel de Jong
52%
2019/2020 MF Edson Álvarez
50%
2020/2021 MF Edson Álvarez
50%
2021/2022 MF Edson Álvarez
50%
2022/2023 MF Edson Álvarez
50%
2022/23 UCL MF Edson Álvarez
50%
2020/2021 ST Sébastien Haller
50%
2021/2022 ST Sébastien Haller
50%
2010/2011 MF Christian Eriksen
48%
2011/2012 MF Christian Eriksen
48%
2012/2013 MF Christian Eriksen
48%
1988/1989 DF Frank de Boer
48%
1990/1991 DF Frank de Boer
48%
1991/1992 DF Frank de Boer
48%
1992/1993 DF Frank de Boer
48%
1993/1994 DF Frank de Boer
48%
1994/1995 DF Frank de Boer
48%
1995/1996 DF Frank de Boer
48%
1996/1997 DF Frank de Boer
48%
1997/1998 DF Frank de Boer
48%
1998/1999 DF Frank de Boer
48%
1978/1979 MF Johan Neeskens
48%
1993/1994 MF Ronald de Boer
48%
1994/1995 MF Ronald de Boer
48%
1995/1996 MF Ronald de Boer
48%
1996/1997 MF Ronald de Boer
48%
1997/1998 MF Ronald de Boer
48%
2007/2008 DF Jan Vertonghen
47%
2008/2009 DF Jan Vertonghen
47%
2009/2010 DF Jan Vertonghen
47%
2010/2011 DF Jan Vertonghen
47%
2011/2012 DF Jan Vertonghen
47%
2014/2015 DF Joël Veltman
46%
2015/2016 DF Joël Veltman
46%
2016/17 UCL DF Joël Veltman
46%
2016/17 EL F DF Joël Veltman
46%
2017/2018 DF Joël Veltman
46%
2019/2020 DF Joël Veltman
46%
2016/17 UCL ST Kasper Dolberg
46%
2016/17 EL F ST Kasper Dolberg
46%
2017/2018 ST Kasper Dolberg
46%
2009/2010 DF Toby Alderweireld
45%
2010/2011 DF Toby Alderweireld
45%
2011/2012 DF Toby Alderweireld
45%
2012/2013 DF Toby Alderweireld
45%
1994/1995 DF Michael Reiziger
44%
1995/1996 DF Michael Reiziger
44%
2020/2021 MF Ryan Gravenberch
44%
2021/2022 MF Ryan Gravenberch
44%
2010/2011 MF Siem de Jong
44%
2011/2012 MF Siem de Jong
44%
2012/2013 MF Siem de Jong
44%
2008/2009 DF Greg. van der Wiel
43%
2009/2010 DF Greg. van der Wiel
43%
2010/2011 DF Greg. van der Wiel
43%
2011/2012 DF Greg. van der Wiel
43%
2006/2007 DF Jaap Stam
43%
2003/2004 DF Johnny Heitinga
40%
2004/2005 DF Johnny Heitinga
40%
2004/05 UCL DF Johnny Heitinga
40%
2006/2007 DF Johnny Heitinga
40%
2007/2008 DF Johnny Heitinga
40%
2022/2023 ST Brian Brobbey
39%
1978/1979 DF Ruud Krol
38%
1979/1980 DF Ruud Krol
38%
1993/1994 MF Finidi George
35%
1994/1995 MF Finidi George
35%
1995/1996 MF Finidi George
35%
2016/17 UCL ST Bertrand Traoré
34%
2016/17 EL F ST Bertrand Traoré
34%
1978/1979 ST Johnny Rep
34%
2022/2023 MF Kenneth Taylor
34%
2022/23 UCL MF Kenneth Taylor
34%
1995/1996 ST Nwankwo Kanu
34%
2019/2020 ST Quincy Promes
34%
1986/1987 MF Aron Winter
31%
1987/1988 MF Aron Winter
31%
1988/1989 MF Aron Winter
31%
1989/1990 MF Aron Winter
31%
1990/1991 MF Aron Winter
31%
1991/1992 MF Aron Winter
31%
1999/2000 MF Aron Winter
31%
1995/1996 DF Winston Bogarde
31%
1996/1997 DF Winston Bogarde
31%
2022/2023 DF Devyne Rensch
30%
1978/1979 MF Dick van Dijk
29%
2022/23 UCL ST Mohammed Kudus
29%
1999/2000 ST Brian Laudrup
28%
1997/1998 MF Michael Laudrup
28%
2019/2020 DF Sergiño Dest
28%
1999/2000 DF Cristian Chivu
27%
2000/2001 DF Cristian Chivu
27%
2001/2002 DF Cristian Chivu
27%
2002/2003 DF Cristian Chivu
27%
1989/1990 MF Richard Witschge
27%
1990/1991 MF Richard Witschge
27%
1997/1998 MF Richard Witschge
27%
1998/1999 MF Richard Witschge
27%
1999/2000 MF Richard Witschge
27%
1987/1988 MF Rob Witschge
27%
1988/1989 MF Rob Witschge
27%
2004/2005 ST Ryan Babel
27%
2005/06 UCL MF Ryan Babel
27%
2006/2007 ST Ryan Babel
27%
2015/2016 MF Amin Younes
26%
2016/17 EL F MF Amin Younes
26%
2000/2001 MF Andy van der Meyde
26%
2001/2002 MF Andy van der Meyde
26%
2002/2003 MF Andy van der Meyde
26%
1978/1979 MF Arie Haan
26%
1977/1978 MF Piet Keizer
26%
1977/1978 MF Sjaak Swart
26%
2014/2015 ST Arkadiusz Milik
25%
2015/2016 ST Arkadiusz Milik
25%
2001/2002 DF Maxwell
25%
2002/2003 DF Maxwell
25%
2003/2004 DF Maxwell
25%
2004/2005 DF Maxwell
25%
2004/05 UCL DF Maxwell
25%
2012/2013 ST Viktor Fischer
25%
2013/2014 ST Viktor Fischer
25%
2022/2023 DF Calvin Bassey
24%
2022/23 UCL DF Calvin Bassey
24%
2015/2016 DF Kenny Tete
24%
2020/2021 DF Perr Schuurs
24%
2002/2003 MF Steven Pienaar
24%
2004/2005 MF Steven Pienaar
24%
2005/06 UCL MF Steven Pienaar
24%
2005/2006 DF Thomas Vermaelen
24%
2005/06 UCL DF Thomas Vermaelen
24%
2007/2008 DF Thomas Vermaelen
24%
2008/2009 DF Thomas Vermaelen
24%
2005/2006 DF Urby Emanuelson
24%
2005/06 UCL DF Urby Emanuelson
24%
2006/2007 DF Urby Emanuelson
24%
2007/2008 MF Urby Emanuelson
24%
2008/2009 MF Urby Emanuelson
24%
2009/2010 MF Urby Emanuelson
24%
2010/2011 DF Urby Emanuelson
24%
1977/1978 DF Wim Suurbier
24%
2012/2013 MF Christian Poulsen
23%
2013/2014 MF Christian Poulsen
23%
1986/1987 MF Jan Wouters
23%
1987/1988 MF Jan Wouters
23%
1988/1989 MF Jan Wouters
23%
1989/1990 MF Jan Wouters
23%
1990/1991 MF Jan Wouters
23%
2012/2013 DF Niklas Moisander
23%
2013/2014 DF Niklas Moisander
23%
2014/2015 DF Niklas Moisander
23%
2011/2012 MF Theo Janssen
23%
1991/1992 MF Wim Jonk
23%
1992/1993 MF Wim Jonk
23%
2015/2016 DF Jaïro Riedewald
22%
2016/17 UCL DF Jaïro Riedewald
22%
1985/1986 MF John van't Schip
22%
1986/1987 MF John van't Schip
22%
1987/1988 MF John van't Schip
22%
1988/1989 MF John van't Schip
22%
1989/1990 MF John van't Schip
22%
1990/1991 MF John van't Schip
22%
2001/2002 ST Mido
22%
2002/2003 ST Mido
22%
1981/1982 MF Wim Jansen
22%
2016/17 EL F DF Daley Sinkgraven
21%
2009/2010 MF Demy de Zeeuw
21%
2010/2011 MF Demy de Zeeuw
21%
2016/17 UCL DF Nick Viergever
21%
2016/17 EL F DF Nick Viergever
21%
1983/1984 DF Sonny Silooy
21%
1984/1985 DF Sonny Silooy
21%
1985/1986 DF Sonny Silooy
21%
1986/1987 DF Sonny Silooy
21%
1990/1991 DF Sonny Silooy
21%
1991/1992 DF Sonny Silooy
21%
1992/1993 DF Sonny Silooy
21%
1993/1994 DF Sonny Silooy
21%
1985/1986 MF Arnold Mühren
20%
1986/1987 MF Arnold Mühren
20%
1987/1988 MF Arnold Mühren
20%
1989/1990 ST Bryan Roy
20%
1990/1991 ST Bryan Roy
20%
1978/1979 DF Gerrie Mühren
20%
2013/2014 MF Thulani Serero
20%
2014/2015 MF Thulani Serero
20%
1981/1982 ST Wim Kieft
20%
1982/1983 ST Wim Kieft
20%
2001/2002 DF Hatem Trabelsi
19%
2002/2003 DF Hatem Trabelsi
19%
2004/2005 DF Hatem Trabelsi
19%
2004/05 UCL DF Hatem Trabelsi
19%
2005/2006 DF Hatem Trabelsi
19%
2005/06 UCL DF Hatem Trabelsi
19%
2008/2009 MF Miralem Sulejmani
19%
2010/2011 ST Miralem Sulejmani
19%
2011/2012 ST Miralem Sulejmani
19%
2009/2010 DF Vurnon Anita
19%
2010/2011 MF Vurnon Anita
19%
2011/2012 MF Vurnon Anita
19%
2015/2016 MF Riechedly Bazoer
18%
1996/1997 MF Kiki Musampa
18%
2013/2014 ST Kolbeinn Sigþórsson
18%
2014/2015 MF Riechedly Bazoer
18%
2016/17 UCL MF Riechedly Bazoer
18%
2014/2015 ST Anwar El Ghazi
17%
2015/2016 ST Anwar El Ghazi
17%
2016/17 UCL ST Anwar El Ghazi
17%
1986/1987 ST John Bosman
17%
1987/1988 ST John Bosman
17%
2003/2004 DF Zdeněk Grygera
17%
2004/05 UCL DF Zdeněk Grygera
17%
2005/2006 DF Zdeněk Grygera
17%
2005/06 UCL DF Zdeněk Grygera
17%
1981/1982 MF Gerald Vanenburg
16%
1982/1983 MF Gerald Vanenburg
16%
1983/1984 MF Gerald Vanenburg
16%
1984/1985 MF Gerald Vanenburg
16%
1985/1986 MF Gerald Vanenburg
16%
1996/1997 DF Mario Melchiot
16%
1997/1998 DF Mario Melchiot
16%
1998/1999 DF Mario Melchiot
16%
2010/2011 ST Mounir El Hamdaoui
16%
1979/1980 ST Ruud Geels
16%
2000/2001 MF Tomáš Galásek
16%
2002/2003 MF Tomáš Galásek
16%
2003/2004 MF Tomáš Galásek
16%
2005/2006 MF Tomáš Galásek
16%
2016/17 EL F DF Davinson Sánchez
15%
2004/05 UCL ST Wesley Sonck
15%
2006/2007 MF Gabri
15%
2007/2008 MF Gabri
15%
2008/2009 MF Gabri
15%
2005/2006 MF Hedwiges Maduro
15%
2005/06 UCL MF Hedwiges Maduro
15%
2006/2007 MF Hedwiges Maduro
15%
2007/2008 MF Hedwiges Maduro
15%
2012/2013 DF Ricardo van Rhijn
15%
2013/2014 DF Ricardo van Rhijn
15%
2014/2015 DF Ricardo van Rhijn
15%
2003/2004 ST Wesley Sonck
15%
2008/2009 MF Eyong Enoh
14%
2009/2010 MF Eyong Enoh
14%
2014/2015 DF Nicolai Boilesen
14%
1987/1988 DF Peter Larsson
14%
1989/1990 DF Peter Larsson
14%
2000/2001 DF Petri Pasanen
14%
2002/2003 DF Petri Pasanen
14%
1997/1998 ST Shota Arveladze
14%
2000/2001 ST Shota Arveladze
14%
1997/1998 DF Sunday Oliseh
14%
1998/1999 DF Sunday Oliseh
14%
1996/1997 MF Tijani Babangida
14%
1997/1998 MF Tijani Babangida
14%
1978/1979 DF Barry Hulshoff
13%
2011/2012 ST Derk Boerrigter
13%
2012/2013 ST Derk Boerrigter
13%
2015/2016 DF Mitchell Dijks
13%
1980/1981 MF Frank Arnesen
13%
1981/1982 MF Jesper Olsen
13%
1982/1983 MF Jesper Olsen
13%
1983/1984 MF Jesper Olsen
13%
2003/2004 DF Julien Escudé
13%
2004/2005 DF Julien Escudé
13%
2016/17 UCL DF Mitchell Dijks
13%
2015/2016 MF Nemanja Gudelj
13%
2016/17 UCL MF Nemanja Gudelj
13%
1999/2000 ST Nikos Machlas
13%
2000/2001 ST Nikos Machlas
13%
2001/2002 ST Nikos Machlas
13%
1979/1980 MF Simon Tahamata
13%
1981/1982 MF Søren Lerby
13%
1982/1983 MF Søren Lerby
13%
1988/1989 ST Stefan Pettersson
13%
1991/1992 ST Stefan Pettersson
13%
1992/1993 ST Stefan Pettersson
13%
1993/1994 ST Stefan Pettersson
13%
2009/2010 ST Marko Pantelić
12%
1981/1982 MF Tscheu La Ling
12%
1977/1978 MF Bennie Muller
11%
2007/2008 MF Dennis Rommedahl
11%
2009/2010 MF Dennis Rommedahl
11%
1980/1981 ST Henning Jensen
11%
1978/1979 ST Jan Mulder
11%
2017/2018 ST Justin Kluivert
11%
2006/2007 MF Kenneth Pérez
11%
2017/2018 DF Maximilian Wöber
11%
1998/1999 MF Wamberto
11%
2000/2001 MF Wamberto
11%
2001/2002 MF Wamberto
11%
1998/1999 ST Benni McCarthy
10%
2005/2006 MF Mauro Rosales
10%
1998/1999 MF Jesper Grønkjær
10%
1999/2000 MF Jesper Grønkjær
10%
2004/2005 MF Mauro Rosales
10%
2004/05 UCL MF Mauro Rosales
10%
2008/2009 DF Oleguer
10%
1984/1985 DF Ron Spelbos
10%
1985/1986 DF Ron Spelbos
10%
1986/1987 DF Ron Spelbos
10%
1987/1988 DF Ron Spelbos
10%
1999/2000 DF Tim de Cler
10%
2000/2001 DF Tim de Cler
10%
1977/1978 DF Velibor Vasović
10%
1988/1989 DF Arnold Scholten
9%
1996/1997 MF Arnold Scholten
9%
1977/1978 ST Henk Groot
9%
1978/1979 MF Horst Blankenburg
9%
2001/2002 MF John O'Brien
9%
2002/2003 MF John O'Brien
9%
2006/2007 DF George Ogăraru
8%
2007/2008 DF George Ogăraru
8%
1993/1994 MF John van den Brom
8%
2022/23 UCL DF Jorge Sánchez
8%
2004/05 UCL ST Nicolae Mitea
8%
1998/1999 MF Peter Hoekstra
8%
1984/1985 MF Rob de Wit
8%
1985/1986 MF Rob de Wit
8%
2000/2001 DF André Bergdølmo
7%
2001/2002 DF André Bergdølmo
7%
1979/1980 MF Dick Schoenaker
7%
1981/1982 MF Dick Schoenaker
7%
1982/1983 MF Dick Schoenaker
7%
1983/1984 MF Dick Schoenaker
7%
1984/1985 MF Dick Schoenaker
7%
1977/1978 ST Klaas Nuninga
7%
1989/1990 DF Marciano Vink
7%
1990/1991 DF Marciano Vink
7%
1991/1992 MF Marciano Vink
7%
1992/1993 MF Marciano Vink
7%
2005/2006 ST Markus Rosenberg
7%
2005/06 UCL ST Markus Rosenberg
7%
1991/1992 DF Michel Kreek
7%
1992/1993 DF Michel Kreek
7%
2013/2014 DF Stefano Denswil
7%
1977/1978 DF T. van Duivenbode
7%
1999/2000 DF Frank Verlaat
6%
1996/1997 DF Márcio Santos
6%
1980/1981 DF Peter Boeve
6%
1981/1982 DF Peter Boeve
6%
1982/1983 DF Peter Boeve
6%
1983/1984 DF Peter Boeve
6%
1984/1985 DF Peter Boeve
6%
1985/1986 DF Peter Boeve
6%
1999/2000 MF Richard Knopper
6%
1977/1978 DF Ton Pronk
6%
1980/1981 DF Edo Ophof
5%
1982/1983 DF Edo Ophof
5%
1983/1984 DF Edo Ophof
5%
1978/1979 DF Nico Rijnders
5%
2005/2006 MF Nourdin Boukhari
5%
2005/06 UCL MF Nourdin Boukhari
5%
1998/1999 DF Ole Tobiasen
5%
1982/1983 MF Jan Mølby
4%
1983/1984 MF Jan Mølby
4%
1991/1992 ST John van Loen
4%
1981/1982 DF Keje Molenaar
4%
1982/1983 DF Keje Molenaar
4%
1983/1984 MF Felix Gasselich
3%
1984/1985 MF Felix Gasselich
3%
1980/1981 DF Geert Meijer
3%
1979/1980 DF Johnny Dusbaba
3%
1979/1980 MF Pim van Dord
3%
1979/1980 MF Arno Steffenhagen
2%
1980/1981 MF Hans Erkens
2%
1980/1981 ST Jan Everse Jr.
2%
1980/1981 MF Johan Zuidema
2%
1999/2000 DF John Nieuwenburg
2%
1979/1980 DF Kees Zwamborn
2%
1988/1989 DF Mark Verkuijl
2%
1989/1990 DF Mark Verkuijl
2%
1981/1982 DF Ray Clarke
2%
1979/1980 MF René Notten
2%
1980/1981 MF Willy Brokamp
2%
1979/1980 DF Wim Meutstege
2%
1980/1981 MF Sten Ziegler
1%
No matching quizzes found
Score Distribution
Percent of People with Each Score
Percentile by Number Answered
Your Score History
You have not taken this quiz